000 00617cam a2200229 a 4500
001 12010639
005 20180312085853.0
008 000516s2001 txua b 001 0 eng
010 _a 00104686
020 _a0030336163
040 _aDLC
_cDLC
_dDLC
041 _aeng
080 _a363.7
082 0 0 _a363.7 RAV
_221
100 1 _a9
101 _aMJE
245 1 0 _aEnvironment.
504 _aIncludes bibliographical references and index.
906 _a7
_bcbc
_corignew
_d2
_eepcn
_f20
_gy-gencatlg
942 _2ddc
_cBK
999 _c44755
_d44755